KOHA-Header-6

Public Budgeting Politics , institution , and Processes (Record no. 6498)

000 -LEADER
fixed length control field 00288nam a2200109Ia 4500
100 ## - MAIN ENTRY--AUTHOR NAME
Personal name Cozzetto, Kweit
245 #0 - TITLE STATEMENT
Title Public Budgeting Politics , institution , and Processes
260 ## - PUBLICATION, DISTRIBUTION, ETC. (IMPRINT)
Place of publication USA
Name of publisher McGraw-Hill
Year of publication 1995
300 ## - PHYSICAL DESCRIPTION
Number of Pages 322
942 ## - ADDED ENTRY ELEMENTS (KOHA)
Koha item type Books
Holdings
Withdrawn status Lost status Collection code Permanent Location Current Location Shelving location Date acquired Full call number Accession Number Koha item type
    Economics MAJU MAJU Shelf No.A48 2019-09-07 658.83 1183 Economics

Powered by Koha